000 00724nmc a2200265 a 4500
003 AR-BaBNM
005 20251128211620.0
008 145020s1973 ||||||||||||||000 | spa||
040 _cAR-BaBNM
100 1 _aLarsen, E.
245 1 0 _aLa historia de los inventos y el progreso técnico
_blos transportes
250 _a1ª ed.
260 _aBuenos Aires
_bKapelusz
_c1973
300 0 _a135 p.
_bil.
490 0 _aClub de ciencias
_vv. 12
650 4 _aCIENCIA Y TECNOLOGIA
650 4 _aINVENTOS
650 4 _aHISTORIA DE LAS CIENCIAS
650 4 _aTRANSPORTE
650 4 _aACTIVIDADES DE APRENDIZAJE
650 4 _aPROGRESO TECNOLOGICO
650 4 _aLIBROS PARA NINOS
942 _cBK
998 _cmaria eugenia
999 _c20432
_d20432